000 00862nam a2200241 a 4500
001 000031960
003 DO-SdBNP
005 20180213130402.0
007 000031960
008 110707q1979 dr 000 | spa d
040 _aBPMET
_bspa
_cBPMET
092 _axxx
_bL296p
100 1 _aLantigua, José Rafael
245 1 0 _aPor la juventud /
_cJosé Rafael Lantigua.
260 _a[Moca, República Dominicana] :
_b[s.n.],
_c[1980].
300 _a14 p. ;
_c21 cm.
500 _aDiscurso pronunciado por el Lic. José Rafael Lantigua en el acto donde fueron honrados con el premio “Presencia mocana” 12 distinguidos ciudadanos nativos de Moca.
930 1 _lBND01
_mLF1
_820110707
_f01
_pHD
_g27139
942 _2ddc
_cBK
945 _ainventariado, 2018 / dg
956 _aYLOCKWARD
_b10
_c20110707
_lBND01
_h1157
956 _aVMATEO
_b10
_c20150511
_lBMET02
_h00151
999 _c7848
_d7848